000 00435nam a22001697a 4500
008 201216b ||||| |||| 00| 0 eng d
020 _a9788176569644
082 _a005.74
100 _aBayross, Ivan
245 _aSQL, PL/SQL :
_bThe Programming Language of ORACLE
250 _a3rd Edition
260 _aNew Delhi
_bBPB Publications
_c2008
300 _a443p.
650 _aCOMPUTER
_bGifted Book
942 _cGBK
999 _c40872
_d40872
041 _aeng